Equity warriors : creating schools that students deserve (Record no. 85976)

MARC details
000 -LEADER
fixed length control field 00895 a2200265 4500
003 - CONTROL NUMBER IDENTIFIER
control field CBULib
005 - DATE AND TIME OF LATEST TRANSACTION
control field 20250130083923.0
008 - FIXED-LENGTH DATA ELEMENTS--GENERAL INFORMATION
fixed length control field 250130b |||||||| |||| 00| 0 eng d
020 ## - INTERNATIONAL STANDARD BOOK NUMBER
International Standard Book Number 9781071851371
040 ## - CATALOGING SOURCE
Language of cataloging English
Transcribing agency CBULib
Description conventions rda
050 ## - LIBRARY OF CONGRESS CALL NUMBER
Classification number LC 213.2 Per
100 ## - MAIN ENTRY--PERSONAL NAME
Personal name Perry, George S.
245 ## - TITLE STATEMENT
Title Equity warriors : creating schools that students deserve
Statement of responsibility, etc / by George S. Perry
260 ## - PUBLICATION, DISTRIBUTION, ETC. (IMPRINT)
Name of publisher, distributor, etc SAGE,
Date of publication, distribution, etc 2022
Place of publication, distribution, etc Thousand Oaks :
300 ## - PHYSICAL DESCRIPTION
Extent xxi, 330 pages : some illustrations
336 ## - CONTENT TYPE
Source rdacontent
Content type term Text |
Content type code txt
337 ## - MEDIA TYPE
Source rdamedia
Media type term Unmediated |
Media type code n
338 ## - CARRIER TYPE
Source rdacarrier
Carrier type term Volume
Carrier type code nc
500 ## - GENERAL NOTE
General note Includes bibliographical references and index
650 #0 - SUBJECT ADDED ENTRY--TOPICAL TERM
9 (RLIN) 4318
Topical term or geographic name as entry element EDUCATIONAL EQUALISATION - UNITED STATES
650 #0 - SUBJECT ADDED ENTRY--TOPICAL TERM
9 (RLIN) 4319
Topical term or geographic name as entry element EDUCATIONAL LEADERSHIP - UNITED STATES
700 ## - ADDED ENTRY--PERSONAL NAME
9 (RLIN) 4320
Personal name Joan Richardson
700 ## - ADDED ENTRY--PERSONAL NAME
9 (RLIN) 4321
Personal name Larry Leverett
Relator term foreword
942 ## - ADDED ENTRY ELEMENTS (KOHA)
Source of classification or shelving scheme
Koha item type MONOGRAPH
Holdings
Withdrawn status Lost status Source of classification or shelving scheme Damaged status Not for loan Collection code Permanent Location Current Location Shelving location Date acquired Source of acquisition Cost, normal purchase price Total Checkouts Full call number Barcode Date last seen Price effective from Koha item type
          Main Library Open Access Collection CBU-MAIN LIBRARY, KITWE. CBU-MAIN LIBRARY, KITWE. General Stacks 01/30/2025 BOOK AID INTERNATIONAL 39.95   LC 213.2 Per 753405 01/30/2025 01/30/2025 MONOGRAPH